| 000 | 00458nam a22001451i 4500 | ||
|---|---|---|---|
| 001 | 838 | ||
| 090 | _a838 | ||
| 100 | _a20170304u u u0frey50 ba | ||
| 200 | 1 |
_fNelson Mendes _aEscola.Escola. Quem és tu? |
|
| 215 |
_a397p _d'22 cm' |
||
| 700 | 1 |
_aMendes _bNelson _4070 |
|
| 701 | 1 |
_aFonseca _bVítor da _4070 |
|
| 210 |
_cBásica _d1977 |
||
| 996 |
_f0000910 _kMEN _m00000000 _n00000000 _aBMVA _b1 _vViana do Alentejo _xEducação. Ensino. Pedagogia _y21 _eLivro _10 _31 |
||
| 990 | _cLIVROS | ||